000 00984nam a22002537a 4500
001 BINCO
003 CO-MdBIC
005 20220406161928.0
008 220406b2002 ck a|||| |||| 00| 0 spa d
020 _a9789583008795
040 _a CO-MdBIC
_bspa.
_cCO-MdBIC
_d CO-MdBIC
041 _aspa
082 _222
_a398.6
_bAN573
100 _aAndricaín, Sergio
_d1956
245 _aAdivínalo si puedes
_c/Ana María Londoño, ilustradora
260 1 _aBogotá
_bPanamericana
_c[2002]
260 4 _a©2002
300 _a44 paginas;
_bilustraciones a color:
_c23 cm.
500 _aEsta selección de adivinanzas incluye algunos juegos de palabras y trabalenguas que recrean a los niños y les permiten momentos lúdicos, para disfrutar con temas, personajes u objetos de su entorno en la vida cotidiana (frutas, verduras, y animales).
650 7 _9100
_aEducación infantil
700 _aAntonio Rodríguez
_eescritor
700 _aAna María Londoño
_eilustradora
942 _cLGB
999 _c67692
_d67692